000 00636nam a2200205 i 4500
001 125793
003 ES-MaACL
005 20250912063050.0
007 t|
008 070214s1969 sp r ||||1| cat d
100 1 _aReglá, Juan,
_d1917-1973
_995897
245 1 0 _aIntroducció a la Historia de la Corona d'Aragó /
_cJoan Reglá.
260 _aPalma de Mallorca :
_bMoll,
_c1969.
300 _a188 p. ;
_c18 cm.
490 1 _aBiblioteca "Raixa" ;
_v75
651 4 _aAragón (Reino)-
_xHistoria.
_97791
830 0 _aBiblioteca "Raixa" ;
_v75
_9181878
852 _aES-MaACL
_jC-36524
_bR.70597
999 _c125793
_d125793